ბათუმის შოთა რუსთაველის სახელმწიფო უნივერსიტეტის ბიბლიოთეკა

ძველი ჩინეთის ხელოვნება : (ბიბ.ჩანაწერი № 53164)

000 -ლიდერი
ფიქსირებული სიგრძის საკონტროლო ველი 02174nam a2200289Ia 4500
001 - საკონტროლო ნომერი
საკონტროლო ველი 20203
003 - საკონტროლო ნომრის იდენტიფიკატორი
საკონტროლო ველი GE_BSU
005 - ბოლო ოპერაციის თარიღი და დრო
საკონტროლო ველი 20200607234948.0
008 - ფიქსირებული სიგრძის მონაცემთა ელემენტები - ზოგადი ინფორმაცია
ფიქსირებული სიგრძის საკონტროლო ველი 181216s2017||||ge |||||||||||||| ||geo||
020 ## - წიგნის საერთაშორისო სტანდარტული ნომერი
International Standard Book Number 9789941229152
040 ## - კატალოგიზაციის წყარო
Transcribing agency GE_BSU
041 ## - ენის კოდი
Language code of text/sound track or separate title geo
080 ## - უნივერსალური ათობითი კლასიფიკაციის ინდექსი
Universal Decimal Classification number 745/749(31):72(31) დ-34
100 ## - მთავარი ჩანაწერი - პიროვნების სახელი
Personal name დემურიშვილი, ნათია
9 (RLIN) 8319
245 ## - ცნობა სათაურის შესახებ
Title ძველი ჩინეთის ხელოვნება :
Remainder of title სახვითი და დეკორატიულ-გამოყენებითი ხელოვნება, არქიტექტურა /
Statement of responsibility, etc ნათია დემურიშვილი ; ჩინური ტექსტი, ტერმინები და ტრანსკრიპციები ნორა გამყრელიძე ; სამეცნიერო რედაქტორი მარინა დგებუაძე.
264 ## - წარმოების, გამოცემის, დისტრიბუციის და სხვა ცნობები
გამოცემის, წარმოების, დისტრიბუციის... ადგილი თბილისი :
გამოცემის, წარმოების, დისტრიბუციის... სახელწოდება უნივერსალი,
გამოცემის, წარმოების, დისტრიბუციის... თარიღი 2017.
300 ## - ფიზიკური აღწერა
Extent 132 გვ. : ფოტ. ; 29 სმ.
500 ## - ზოგადი შენიშვნა
General note გარეკანზე : ლარნაკი, ფაიფური, კობალტი, ჩინეთი – XIV-XV სს.
504 ## - BIBLIOGRAPHY, ETC. NOTE
Bibliography, etc ბიბლიოგრ. : გვ. 123-131
546 ## - LANGUAGE NOTE
Language note გარეკანი და თავფურცელი აგრეთვე ჩინურ ენაზე
653 ## - INDEX TERM--UNCONTROLLED
Uncontrolled term ძველი ჩინეთის ხელოვნება
653 ## - INDEX TERM--UNCONTROLLED
Uncontrolled term ხელოვნება
700 ## - ADDED ENTRY--PERSONAL NAME
Dates associated with a name გამყრელიძე, ნორა
Relator term ჩინური ტექსტი, ტერმინები და ტრანსკრიპციები
9 (RLIN) 8320
700 ## - ADDED ENTRY--PERSONAL NAME
Personal name დგებუაძე, მარინა
Relator term სამეცნიერო რედაქტორი
9 (RLIN) 8321
710 ## - ADDED ENTRY--CORPORATE NAME
Corporate name or jurisdiction name as entry element წიგნი გამოიცა საქართველოს ეროვნული მუზეუმის და საქართველოში ჩინეთის სახალხო რესპუბლიკის საელჩოს მიერ
9 (RLIN) 8322
942 ## - ADDED ENTRY ELEMENTS (KOHA)
Koha item type წიგნი
Source of classification or shelving scheme
ეგზემპლარები
ჩამოწერის სტატუსი დაკარგული ეგზემპლარის სტატუსი კლასიფიკაციის წყარო ან თაროზე გაწყობის სქემა დაზიანების სტატუსი არ გაიცემა მუდმივი მდებარეობა (დაცვის ადგილი) ამჟამინდელი ადგილსამყოფელი თაროზე განთავსების ადგილი შეძენის თარიღი სრული შენახვის შიფრი შტრიხკოდი ბოლო ოპერაციის თარიღი ეგზემპლარის მიმდევრობითი ნომერი (კეტერი?) ფასის ძალაში შესვლის თარიღი ეგზემპლარის სახეობა
          ბათუმის შოთა რუსთაველის სახელმწიფო უნივერსიტეტის მთავარი ბიბლიოთეკა ბათუმის შოთა რუსთაველის სახელმწიფო უნივერსიტეტის მთავარი ბიბლიოთეკა წიგნსაცავი 2018-12-17 745/749(31):72(31) დ-34 52775 2018-12-17 52775 2018-12-17 წიგნი